00490nam a2200085Ia 4500008004100000245002100041300027600062650001600338856005000354170517s9999 xx 000 0 und d aHouse of Numbers aIn House of Numbers: Anatomy of an Epidemic, an AIDS film like no other, the HIV/AIDS story is being rewritten. This is the first film to present the uncensored POVs of virtually all the major players; in their own settings, in their own words. It rocks the foundation... xTechnology. uhttp://topdocumentaryfilms.com/house-numbers/